[Event "Mittelrhein Verbandsliga-W 17/18"]
[Site "Nordrheinwestfalen"]
[Date "2017.09.10"]
[Round "1.7"]
[White "Schlegel, Andreas"]
[Black "Krohn, Malte Till"]
[Result "0-1"]
[WhiteElo "1776"]
[BlackElo "1797"]
[PlyCount "88"]
[EventDate "2017.09.10"]
[EventType "team-tourn"]
[EventRounds "11"]
[EventCountry "GER"]
[SourceTitle "EXT 2022"]
[Source "ChessBase"]
[SourceDate "2021.10.06"]
[SourceVersion "1"]
[SourceVersionDate "2021.10.06"]
[SourceQuality "1"]
[WhiteTeam "Kerpen SK"]
[BlackTeam "Aachen PTSV"]
[WhiteTeamCountry "GER"]
[BlackTeamCountry "GER"]

1. e4 c6 2. d4 d5 3. exd5 cxd5 4. Nc3 Nc6 5. Bf4 Nf6 6. Nb5 e5 7. dxe5 a6 8. Nc3 d4 9. exf6 dxc3 10. Qxd8+ Nxd8 11. bxc3 gxf6 12. Nf3 Ne6 13. Be3 Ba3 14. Rb1 0-0 15. Bd3 Bc5 16. Nd4 Re8 17. 0-0 Ba7 18. Nf5 Bxe3 19. Nxe3 Nc5 20. Nd5 Rd8 21. Nxf6+ Kg7 22. Nh5+ Kh6 23. Nf4 Nxd3 24. cxd3 b5 25. d4 Bf5 26. Rb4 Rac8 27. Rc1 Kg5 28. g3 Rc7 29. a4 Bd7 30. Nd5 Rb7 31. h4+ Kg6 32. a5 Re8 33. c4 Bc6 34. Nf4+ Kf5 35. d5 bxc4 36. Rxb7 Bxb7 37. Rxc4 Rd8 38. Rd4 Ke5 39. Rd2 Bxd5 40. Nd3+ Ke6 41. Nc5+ Ke5 42. Nxa6 Rc8 43. Nb4 Bf3 44. a6 Rc1+ 0-1

[Event "Cologne Longerich op 6th"]
[Site "Cologne"]
[Date "2009.08.23"]
[Round "4"]
[White "Proba, Stefan"]
[Black "Schlegel, Andreas"]
[Result "1/2-1/2"]
[WhiteElo "1893"]
[BlackElo "1684"]
[PlyCount "45"]
[EventDate "2009.08.21"]
[EventType "swiss"]
[EventRounds "5"]
[EventCountry "GER"]
[SourceTitle "EXT 2012"]
[Source "ChessBase"]
[SourceDate "2011.11.24"]
[SourceVersion "1"]
[SourceVersionDate "2011.11.24"]
[SourceQuality "1"]

1. d4 d5 2. Nf3 Nf6 3. c4 c6 4. Nc3 e6 5. Bg5 dxc4 6. e4 b5 7. e5 h6 8. Bh4 g5 9. Nxg5 hxg5 10. Bxg5 Nbd7 11. g3 Rg8 12. Bxf6 Nxf6 13. exf6 Qxf6 14. Bg2 Bb7 15. Nxb5 0-0-0 16. Nxa7+ Kb8 17. Nxc6+ Bxc6 18. Bxc6 Rxd4 19. Qa4 Qe5+ 20. Kf1 Rd2 21. Qa8+ Kc7 22. Qb7+ Kd8 23. Re1 1/2-1/2

[Event "Duesseldorf Nord Cup 8th GrI"]
[Site "Duesseldorf"]
[Date "2008.08.01"]
[Round "1"]
[White "Schlegel, Andreas"]
[Black "Rothkugel, Wolfgang"]
[Result "1-0"]
[WhiteElo "1643"]
[BlackElo "1665"]
[PlyCount "39"]
[EventDate "2008.08.01"]
[EventType "tourn"]
[EventRounds "5"]
[EventCountry "GER"]
[SourceTitle "EXT 2017"]
[Source "ChessBase"]
[SourceDate "2016.10.25"]
[SourceVersion "1"]
[SourceVersionDate "2016.10.25"]
[SourceQuality "1"]

1. e4 d6 2. d4 Nf6 3. Nc3 Nbd7 4. Nf3 e5 5. Bg5 Be7 6. Qd2 c6 7. Be2 Qc7 8. 0-0 0-0 9. h3 a5 10. dxe5 dxe5 11. Bd3 Nc5 12. Rfd1 Rd8 13. Qe3 Be6 14. Bxf6 gxf6 15. Qh6 Rd7 16. Ne2 Rad8 17. Ng3 Nxd3 18. cxd3 Rxd3 19. Rxd3 Rxd3 20. Nh5 1-0